| 000 | 00699 a2200217 4500 | ||
|---|---|---|---|
| 502 | _aThèse d'exercice | ||
| 653 | 1 | _aSciences agronomiques | |
| 100 | _aTotin, A. Benjamin | ||
| 245 | _aCouverture des besoins alimentaires et problèmes scolaires des écoliers de Gbétagbo, District Rural d'Abomey-Calavi (province de l'Atlantique) | ||
| 300 | _aXXII-122 p. | ||
| 650 | _aBESOIN NUTRITIONNEL | ||
| 130 | _lFr | ||
| 710 | _aAbomey-Calavi, Université nationale du Bénin, Faculté des Sciences Agronomiques, BJ | ||
| 651 | _aABOMEY-CALAVI | ||
| 651 | _aGBETAGBO | ||
| 041 | _bFr | ||
| 041 | _bEn | ||
| 653 | 1 | _aNutrition et sciences agro-alimentaires | |
| 651 | _aBENIN | ||
| 999 |
_c31180 _d31180 |
||